|
|
|
|
| LEADER |
00000nam0a2200000 4500 |
| 001 |
161609 |
| 005 |
20231031155936.0 |
| 035 |
|
|
|a (RuTPU)RU\TPU\book\175253
|
| 090 |
|
|
|a 161609
|
| 100 |
|
|
|a 20090610d1973 km y0rusy50 ca
|
| 101 |
1 |
|
|a rus
|c ger
|
| 102 |
|
|
|a RU
|
| 105 |
|
|
|a a z 000zy
|
| 200 |
1 |
|
|a Нужны идеи
|e пер. с нем.
|f В. Гильде, К.-Д. Штарке
|
| 210 |
|
|
|a Москва
|c Мир
|d 1973
|
| 215 |
|
|
|a 64 с.
|c ил.
|
| 610 |
1 |
|
|a изобретательство
|
| 610 |
1 |
|
|a рационализация
|
| 610 |
1 |
|
|a идеи
|
| 610 |
1 |
|
|a научно-популярная литература
|
| 675 |
|
|
|a 608
|v 3
|
| 700 |
|
1 |
|a Гильде
|b В.
|
| 701 |
|
1 |
|a Штарке
|b К.-Д.
|
| 801 |
|
1 |
|a RU
|b 63413507
|c 20090610
|g PSBO
|
| 801 |
|
2 |
|a RU
|b 63413507
|c 20190729
|g RCR
|
| 942 |
|
|
|c BK
|